Building partnerships: teamworking and alliances in the construction industry. (Record no. 93386)

MARC details
000 -LEADER
fixed length control field 00769cam a2200277 4500
001 - CONTROL NUMBER
control field J3269
008 - FIXED-LENGTH DATA ELEMENTS--GENERAL INFORMATION
fixed length control field 090401t1995 xxu||||| |||| 00| 0 eng d
035 ## - SYSTEM CONTROL NUMBER
System control number (Sirsi) u53998
041 ## - LANGUAGE CODE
Language code of text/sound track or separate title eng
050 ## - LIBRARY OF CONGRESS CALL NUMBER
Classification number 658.99
100 ## - MAIN ENTRY--PERSONAL NAME
Personal name Pokora, Julia
245 ## - TITLE STATEMENT
Title Building partnerships: teamworking and alliances in the construction industry.
260 ## - PUBLICATION, DISTRIBUTION, ETC.
Place of publication, distribution, etc. Ascot, Berks.
Name of publisher, distributor, etc. Chartered Institute of Building
Date of publication, distribution, etc. 1995
300 ## - PHYSICAL DESCRIPTION
Extent 7p. ; 30cm.
350 ## - PRICE (NR) (BK AM CF MU VM SE) [OBSOLETE]
Price 0
490 ## - SERIES STATEMENT
Series statement Construction Papers
Volume/sequential designation 54
650 ## - SUBJECT ADDED ENTRY--TOPICAL TERM
Topical term or geographic name entry element BUILDING INDUSTRY
650 ## - SUBJECT ADDED ENTRY--TOPICAL TERM
Topical term or geographic name entry element PARTNERING
650 ## - SUBJECT ADDED ENTRY--TOPICAL TERM
Topical term or geographic name entry element TEAMWORK
690 ## - LOCAL SUBJECT ADDED ENTRY--TOPICAL TERM (OCLC, RLIN)
Topical term or geographic name as entry element BUILT ENVIRONMENT
700 ## - ADDED ENTRY--PERSONAL NAME
Personal name Hastings, Colin
700 ## - ADDED ENTRY--PERSONAL NAME
Personal name Harlow, Peter
International Standard Serial Number Editor
710 ## - ADDED ENTRY--CORPORATE NAME
Corporate name or jurisdiction name as entry element Chartered Institute of Building
9 (RLIN) 2134
942 ## - ADDED ENTRY ELEMENTS (KOHA)
Suppress in OPAC 0
948 ## - LOCAL PROCESSING INFORMATION (OCLC); SERIES PART DESIGNATOR (RLIN)
c (OCLC) 04/03/1997
Holdings
Withdrawn status Lost status Source of classification or shelving scheme Damaged status Not for loan Home library Current library Shelving location Date acquired Cost, normal purchase price Total Checkouts Full call number Barcode Date last seen Date last checked out Copy number Cost, replacement price Price effective from Koha item type
    Dewey Decimal Classification     London London Enquiry desk 14/09/1999 5.00 6 BOXED SET 30054410 06/08/2019 03/02/2005 1 5.00 06/08/2019 Book
    Other/Generic Classification Scheme     London London Enquiry desk 02/10/1995   4 BOXED SET 30049043 06/08/2019 19/01/2004 1   06/08/2019 Book